书目信息 |
| 题名: |
复现中的迷思
|
|
| 作者: | 陈文敏 著 | |
| 分册: | ||
| 出版信息: | 北京 中国社会科学出版社 2018 |
|
| 页数: | 402页 | |
| 开本: | 24cm | |
| 丛书名: | ||
| 单 册: | ||
| 中图分类: | G22 | |
| 科图分类: | ||
| 主题词: | 电视--dian shi--传播媒介--研究 | |
| 电子资源: | ||
| ISBN: | 978-7-5203-0215-9 | |
| 000 | 01751nam 2200289 45 | |
| 001 | 012001003382 | |
| 005 | 20140113085420.0 | |
| 010 | @a978-7-5203-0215-9@dCNY108.00 | |
| 099 | @aCAL 012018082798 | |
| 100 | @a20180608d2018 em y0chiy50 ea | |
| 101 | 0 | @achi |
| 102 | @aCN@b110000 | |
| 105 | @aak z 001yy | |
| 106 | @ar | |
| 200 | 1 | @a复现中的迷思@Afu xian zhong de mi si@e电视节庆仪式化传播及其认同研究@f陈文敏著 |
| 210 | @a北京@c中国社会科学出版社@d2018 | |
| 215 | @a402页@c图@d24cm | |
| 312 | @a封面英文题名:The myth of repetition | |
| 320 | @a有书目 (381-398页) | |
| 330 | @a本书以“电视节庆”为研究对象,以“建构主义”与“仪式传播”为研究视角,以“社会认同”为研究目标,结合当前社会转型期的时代语境,运用仪式研究、政治传播学、文化研究等跨学科理论,深入研究电视节庆的话语生产、仪式化传播与大众认同问题。首先、文章进行了电视仪式传播的思想史梳理,科学界定了电视节庆、仪式传播与文化认同的内在关系。其次、关注特定历史时期的电视节庆出场及其中国化经验,本文以1958年以来具体的电视节庆文本为依托,更着眼于80年代以来的主要电视节庆,分析电视节庆传播的组织模式与仪式形式。再次,从学理层面分析电视节庆仪式的工作原理、功能与作用机制,包括仪式情感在无意识认同中的重要作用。复次、采用点面结合的方式,研究电视节庆仪式传播的目标、途径与方法,即电视节庆欲达成何种认同、何种共同体,分析现有的电视话语、叙事框架与文化策略。最后、电视节庆认同的实际效果研究:分析电视节庆影响力不足、差异性认同的内外因素,并进行突围的可能性分析。 | |
| 510 | 0 | @aMyth of repetition@zeng |
| 517 | 1 | @a电视节庆仪式化传播及其认同研究@ADian Shi Jie Qing Yi Shi Hua Chuan Bo Ji Qi Ren Tong Yan Jiu |
| 606 | 0 | @a电视@Adian shi@x传播媒介@x研究 |
| 690 | @aG22@v5 | |
| 701 | 0 | @a陈文敏@Achen wen min@4著 |
| 801 | @b江苏凤凰@c20191020 | |
| 905 | @b1235911-4@dG22@e250@f4 | |
| 复现中的迷思:电视节庆仪式化传播及其认同研究/陈文敏著.-北京:中国社会科学出版社,2018 |
| 402页:图;24cm |
| ←并列题名:Myth of repetition |
| ISBN 978-7-5203-0215-9:CNY108.00 |
| 本书以“电视节庆”为研究对象,以“建构主义”与“仪式传播”为研究视角,以“社会认同”为研究目标,结合当前社会转型期的时代语境,运用仪式研究、政治传播学、文化研究等跨学科理论,深入研究电视节庆的话语生产、仪式化传播与大众认同问题。首先、文章进行了电视仪式传播的思想史梳理,科学界定了电视节庆、仪式传播与文化认同的内在关系。其次、关注特定历史时期的电视节庆出场及其中国化经验,本文以1958年以来具体的电视节庆文本为依托,更着眼于80年代以来的主要电视节庆,分析电视节庆传播的组织模式与仪式形式。再次,从学理层面分析电视节庆仪式的工作原理、功能与作用机制,包括仪式情感在无意识认同中的重要作用。复次、采用点面结合的方式,研究电视节庆仪式传播的目标、途径与方法,即电视节庆欲达成何种认同、何种共同体,分析现有的电视话语、叙事框架与文化策略。最后、电视节庆认同的实际效果研究:分析电视节庆影响力不足、差异性认同的内外因素,并进行突围的可能性分析。 |
| ● |
| 相关链接 |
|
|
|
|
正题名:复现中的迷思
索取号:G22/250
 
预约/预借
| 序号 | 登录号 | 条形码 | 馆藏地/架位号 | 状态 | 备注 |
| 1 | 1235911 | 212359115 | 第一样本阅览室/ [索取号:G22/250] | 在馆 | |
| 2 | 1235912 | 212359124 | 教育系资料室/ [索取号:G22/250] | 在馆 | |
| 3 | 1235913 | 212359133 | 教育系资料室/ [索取号:G22/250] | 在馆 | |
| 4 | 1235914 | 212359142 | 第四借阅区/ [索取号:G22/250] | 在馆 |